01616cam a22003734i 4500003000900000005001700009008004100026020001500067035002700082040003300109082002200142100003700164245009800201264006100299300003900360336002100399337002500420338002300445504006100468505055200529526001001081526001001091526001001101526001001111526000801121526000801129526000801137526000801145526000801153526000801161526000801169650003801177650002701215PE-LiUPU20250731173142.0150623s r 000 0 d a0664222668 a(Sirsi) i9780664222666 aPE-LiUPUbspacPE-LiUPUerda04a207.11bC153i2211 aCalian, Carnegie Samuel,eautor.14aThe ideal seminary :bpursuing excellence in theological education /cCarnegie Samuel Calian. 1aLouisville-London :bWestminster John Knox Press,c2002. a137 páginas ;c23 centímetros. atext2rdacontent aunmediated2rdamedia avolume2rdacarrier aIncluye referencias bibliográficas páginas: 129-131.0 aInstitutional challenges: seminary education and leadership, the search for excellence among theological schools, academic freedom and seminary education, who owns the seminary?. Program challenges: tomorrow's seminary curriculum, making the world your classroom, the globalization and multiculturalization of theological education, expanding the horizons of seminary education. Student Concerns: who is qualified to minister?, going through seminary without losing your faith, the place of prayer in seminary education, toward the ideal seminary. aSEG42 aSEG41 aSEG40 aSEG39 aP94 aP87 aP86 aP85 aP77 aP76 aP3500aTeologíaxEstudio y enseñanza00aTeologíaxSeminarios